| 000 -LEADER |
| fixed length control field |
00498nam a22001457a 4500 |
| 008 - FIXED-LENGTH DATA ELEMENTS--GENERAL INFORMATION |
| fixed length control field |
191227b ||||| |||| 00| 0 eng d |
| 100 ## - MAIN ENTRY--PERSONAL NAME |
| Personal name |
Shanmugan, K. |
| 245 ## - TITLE STATEMENT |
| Title |
Agricultural labour productivity and its determinants in India |
| 260 ## - PUBLICATION, DISTRIBUTION, ETC. (IMPRINT) |
| Name of publisher, distributor, etc |
Indian Journal of Labour Economics |
| 300 ## - PHYSICAL DESCRIPTION |
| Extent |
62(3), Jul-Sep, 2019: p.431-449. |
| 700 ## - ADDED ENTRY--PERSONAL NAME |
| Personal name |
Baria, Bhagirath Prakash |
| 9 (RLIN) |
14961 |
| 773 ## - HOST ITEM ENTRY |
| Main entry heading |
Indian Journal of Labour Economics |
| 906 ## - LOCAL DATA ELEMENT F, LDF (RLIN) |
| Subject DIP |
Agricultural production - India |
| 942 ## - ADDED ENTRY ELEMENTS (KOHA) |
| Source of classification or shelving scheme |
|
| Item type |
Articles |